[Event "XXIV ProAm Copa Clarin 2017"]
[Site "Villa Martelli"]
[Date "2017.10.01"]
[Round "2.29"]
[White "Ortiz Guerrero, Santiago"]
[Black "Fernandez Garcia, Jose Miguel"]
[Result "0-1"]
[WhiteElo "1470"]
[BlackElo "2412"]
[Annotator "TA"]
[PlyCount "88"]
[EventDate "2017.??.??"]
[EventType "swiss"]
[EventCountry "ARG"]
[SourceTitle "playchess.com"]
[Source "ChessBase"]
[SourceQuality "1"]

{[%evp 9,87,4,7,2,27,0,11,0,6,-7,37,32,47,38,65,0,0,-14,-10,-39,1,-33,-27,-41,-33,-58,-58,-77,-66,-75,-72,-64,-58,-68,-73,-96,-79,-145,-152,-138,-37,-37,-31,-59,-47,-153,-142,-151,-145,-313,-323,-379,-400,-1561,-1485,-29995,-29996,-29996,-29996,-29996,-29991,-29991,-29991,-29991,-29988,-29992,-29978,-29989,-29990,-29988,-29985,-29983,-29983,-29992,-29993,-29993,-29994,-29998,-29999,-29999]} 1. Nf3 c6 2. d4 d5 3. e3 Bf5 4. Bd3 Bxd3 5. cxd3 (5. Qxd3 Nf6 6. O-O e6 7. c4 Nbd7 8. Nc3 Be7 9. Rd1 O-O 10. e4 dxe4 11. Nxe4 Nxe4 12. Qxe4 Re8 13. Bd2 Qc7 14. Rac1 Rad8 15. b4 Nf6 16. Qe1 Bd6 17. Bg5 Qe7 18. a3 h6 19. Bh4 Qf8 20. Rc3 Be7 21. Rcd3 Nh5 22. Bxe7 Qxe7 23. Qd2 Qc7 24. g3 Nf6 25. a4 Ne4 26. Qe2 {½-½ (26) Epishin,V (2571)-Burmakin,V (2526) Nova Gorica 2017}) 5... e6 6. Nc3 {D02: 1 d4 d5 2 Nf3 sidelines, including 2...Nf6 3 g3 and 2...Nf6 3 Bf4} Nf6 7. Qe2 Be7 $146 ({Predecessor:} 7... c5 8. dxc5 Bxc5 9. O-O Nc6 10. e4 O-O 11. Bg5 Be7 {0-1 (40) Mirhoff,T-Urlau,T DESC email 2006}) 8. a3 {The position is equal.} O-O 9. e4 dxe4 10. dxe4 h6 {[%cal Bh7h6,Bh6h5][%mdl 32]} 11. O-O Qc7 12. e5 (12. Be3 $14) 12... Nd5 $11 13. Nxd5 cxd5 14. g4 Qd8 15. g5 h5 16. Kh1 g6 17. Rg1 Nc6 18. Qe3 a5 19. Bd2 Qb6 20. Bc3 a4 21. Rab1 Na5 22. Bxa5 Rxa5 23. b3 (23. Qc3 $142) 23... axb3 $17 24. Rxb3 Rb5 ({Black should try} 24... Qa6 $17 25. Rgb1 Rxa3 26. Rxa3 Bxa3) 25. Rgb1 $1 $15 Rxb3 26. Rxb3 Qa6 27. Nd2 (27. Kg2 $15) 27... Rc8 $17 28. Kg2 Rc1 29. Kf3 $2 {[#]} (29. h3 $17 {was necessary.}) 29... Bd8 $19 30. h3 Ba5 31. Nb1 (31. Kg3 $142 Rc2 32. Rd3) 31... Rh1 32. Kg2 Qf1+ {Black mates.} 33. Kf3 Rxh3+ 34. Kf4 Rxe3 35. Kxe3 Qc1+ 36. Ke2 b6 37. Kd3 Qxg5 38. Nc3 Qf5+ 39. Kd2 Qxf2+ 40. Kc1 Qxd4 41. Kb2 Qd2+ 42. Ka1 Bxc3+ 43. Kb1 Qd1+ 44. Ka2 Qa1# {Precision: White = 11%, Black = 57%.} 0-1